000
00219 a2200097 4500
001
30770
100
_a
Smellie
245
_a
British Way of Life
260
_a
Melbourne
_b
William Heinemann Ltd
_c
090
_c
20702
_d
20702
942
_a
NUST-CAE
_c
M
_c
11895
999
_c
265843
_d
265843